| 000 | 01352nam a2200349Ia 4500 | ||
|---|---|---|---|
| 001 | ebr10451036 | ||
| 003 | CaPaEBR | ||
| 006 | m u | ||
| 007 | cr cn||||||||| | ||
| 008 | 100817s2011 dcua sb 001 0 eng d | ||
| 010 | _z 2010035116 | ||
| 020 | _z9781555814571 | ||
| 020 | _z9781555816902 (ebook) | ||
| 040 |
_aCaPaEBR _cCaPaEBR |
||
| 035 | _a(OCoLC)715163750 | ||
| 050 | 1 | 4 |
_aQR115 _b.G46 2011eb |
| 245 | 0 | 0 |
_aGenomes of foodborne and waterborne pathogens _h[electronic resource] / _cedited by Pina Fratamico, Yanhong Liu, Sophia Kathariou. |
| 260 |
_aWashington, DC : _bASM Press, _cc2011. |
||
| 300 |
_axii, 352 p. : _bill. |
||
| 504 | _aIncludes bibliographical references and index. | ||
| 533 |
_aElectronic reproduction. _bPalo Alto, Calif. : _cebrary, _d2011. _nAvailable via World Wide Web. _nAccess may be limited to ebrary affiliated libraries. |
||
| 650 | 0 |
_aFood _xMicrobiology. |
|
| 650 | 0 |
_aWater _xMicrobiology. |
|
| 650 | 0 | _aMicrobial genetics. | |
| 655 | 7 |
_aElectronic books. _2local |
|
| 700 | 1 | _aFratamico, Pina M. | |
| 700 | 1 |
_aLiu, Yanhong, _d1965 May 1- |
|
| 700 | 1 | _aKathariou, Sophia. | |
| 710 | 2 | _aAmerican Society for Microbiology. | |
| 710 | 2 | _aebrary, Inc. | |
| 856 | 4 | 0 |
_uhttp://site.ebrary.com/lib/rucke/Doc?id=10451036 _zAn electronic book accessible through the World Wide Web; click to view |
| 999 |
_c138820 _d138820 |
||